000 00577nam a22001937a 4500
005 20180426122028.0
010 _aENG-122675
020 _a9789386050656
_c350.00
035 _aEN-106207
037 _bDBAD/PUB
082 _aN
100 _aShelke, Uddhav J.
245 _aKautik on embers /
_cby Uddhav J. Shelke [and] translated by Shanta Gokhale
260 _aNew Delhi
_bSpeaking Tiger Publications
_c2017
270 _a4381/4, Ansari Road, Daryaganj,
_bNew Delhi
_e110002
300 _a291p.
_c21cm(pbk)
700 _a Gokhale, Shanta
942 _2ddc
_cEN
_mSHE
_hN
999 _c151765
_d151765